000 00708nam a22002057a 4500
005 20250325070737.0
008 250325b |||||||| |||| 00| 0 eng d
020 _a9781484292556
040 _cAIMIT LIBRARY
082 _22
_a005.7402
_bNOBE
100 _aNoble, Elizabeth.
_9206853
245 _aPro T-Sql 2022 :
_btoward speed scalability and standardization for sql server developers /
_cBy Elizabeth Noble
250 _a2nd ed.
260 _aNew York :
_bApress ;
_c2023.
300 _axvii,553p. ;
_bPB
_c25 cm.
650 _aHardware usage
_9206854
650 _aOptimizing databases for t sql
_9206855
650 _aImplementing security features
_9206856
942 _2ddc
_cBK
_e2nd ed.
_k005.7402 NOBE
999 _c234000
_d234000